| 000 | 00725nam0a22002531 4500 | ||
|---|---|---|---|
| 001 | rc\4220266 | ||
| 005 | 20250612021012.0 | ||
| 021 |
_aRU _b[68-58757] |
||
| 035 | _a(NLR Aleph) 008458295 | ||
| 090 |
_a7852918 _c7852918 |
||
| 100 | _a20130416d1968 |||y0rusy50 ca | ||
| 101 | 0 | _arus | |
| 102 | _aRU | ||
| 105 | _ay z ||||| | ||
| 200 | 1 | _aНа благо народа | |
| 210 |
_aМинск _cБеларусь _d1968 |
||
| 215 |
_a40 с. _d20 |
||
| 606 |
_aСоциальное обеспечение _yБССР _2psbo |
||
| 700 | 1 |
_aАвхимович _bН.Е. _f1907- _gНиколай Ефремович |
|
| 801 | 0 |
_aRU _bNLR _gpsbo |
|
| 801 | 1 |
_aRU _bELAR _2rusmarc |
|
| 852 |
_aNLR _j68-4/15221 |
||
| 942 | _cBOOK | ||
| 980 | _aNB | ||